Easy General Knowledge #8 - Statistics

General Stats
  • This quiz has been taken 32,581 times
  • The average score is 17 of 20
Answer Stats
Question Answer % Correct
What country does sushi come from originally? Japan
100%
What color are the taxis in New York City? Yellow
97%
Name any element of the Periodic Table that starts with C. Calcium / Carbon / Chlorine / Copper / +8 others
93%
What does the prefix "octo" mean? Eight
93%
What's the capital of Egypt? Cairo
91%
What character has been portrayed by Tobey Maguire, Andrew Garfield, and Tom Holland? Spider-Man
91%
What does a barista make? Coffee drinks
90%
What is the last name of singers Billy Ray and Miley? Cyrus
90%
What country is known as the "Land Down Under"? Australia
87%
What inland sea on the Jordan/Israel border is so salty no fish can live in it? {Dead} Sea
87%
A triangle has 3 sides.What shape has 5 sides? Pentagon
87%
In a set of cards, what comes after 10 but before Queen? Jack
86%
What type of animal has several rows of teeth and can go through as many 30,000 in its lifetime? Shark
82%
What Netflix show features characters named Mike, Will, Dustin, Lucas, and Eleven? Stranger Things
82%
What video game character is an evil version of Mario, with a W on his cap instead of an M? Wario
82%
What's the opposite of a new moon? {Full} moon
81%
What 1986 movie starred Tom Cruise as a fighter pilot? Top Gun
81%
Which orchestra instrument typically has 47 strings? Harp
78%
What is the black part of your eyeball called? Pupil
78%
What bird's name has three letters and starts with O? Owl
73%
No matching quizzes found
Score Distribution
Percent of People with Each Score
Percentile by Number Answered
Your Score History
You have not taken this quiz